Adivina, adivinanza (Registro nro. 14869)
[ vista simple ]
| 000 - LÍDER | |
|---|---|
| campo de control de longitud fija | 01327nam a2200313 i 4500 |
| 005 - FECHA Y HORA DE LA ÚLTIMA TRANSACCIÓN | |
| campo de control | 20210818182209.0 |
| 008 - ELEMENTOS DE DATOS DE LONGITUD FIJA - INFORMACIÓN GENERAL | |
| campo de control de longitud fija | 131024s2012 sp a br 000 1dspa d |
| 020 ## - INTERNATIONAL STANDARD BOOK NUMBER | |
| International Standard Book Number | 9788444142913 |
| 040 ## - FUENTE DE CATALOGACIÓN | |
| Agencia de catalogación original | COMFC |
| Lenguaje de catalogación | spa |
| Descripción convenciones | rda |
| 041 0# - CÓDIGO DE LENGUAJE | |
| Código de idioma de texto / pista de sonido o título separado | spa |
| 099 ## - NÚMERO LOCAL DE LLAMADAS DE TEXTO LIBRE (OCLC) | |
| Número de clasificación | L. I. ADIA |
| 090 ## - NÚMERO DE LLAMADA DE TIPO LC LOCALMENTE ASIGNADO (OCLC) | |
| Número de clasificación (OCLC) (R) | L. I. |
| Número de cortador local (OCLC) | ADIA |
| 245 00 - TÍTULO DECLARACIÓN | |
| Título | Adivina, adivinanza |
| Declaración de responsabilidad | ilustrado por María Fe Quesada |
| 250 ## - DECLARACIÓN DE EDICIÓN | |
| Sentencia de edición | Segunda edición |
| 264 01 - AVISO DE PRODUCCIÓN, PUBLICACIÓN, DISTRIBUCIÓN, FABRICACIÓN Y DERECHOS DE AUTOR | |
| Lugar de producción | León (España) |
| Nombre del productor | Everest |
| Fecha de producción | 2012 |
| 300 ## - DESCRIPCIÓN FÍSICA | |
| Alcance | 43 páginas, [4] páginas sin numerar |
| Otros datos físicos | ilustraciones en color |
| Dimensiones | 21 cm |
| 336 ## - TIPO DE CONTENIDO | |
| Fuente | rdacontent |
| Tipo de contenido | txt |
| 337 ## - TIPO DE MEDIO | |
| Fuente | rdamedia |
| Término del tipo de medio | n |
| 338 ## - TIPO DE PORTADOR | |
| Fuente | rdacarrier |
| Término del tipo de operador | nc |
| 500 ## - NOTA GENERAL | |
| Nota general | Incluye datos biográficos de la ilustradora |
| 520 3# - RESUMEN | |
| Resumen | "Es una compilación de adivinanzas, que tiene la particularidad de ilustrar las respuestas de cada acertijo, enlazando palabras con imágenes visuales, de manera que el lector pueda inferir. De este modo, este libro es ideal para ser contado a otros, convirtiéndose en una excelente herramienta para jugar, desarrollar la experiencia estética y la creatividad." |
| 521 ## - NOTA DE AUDIENCIA OBJETIVO | |
| Nota para el público objetivo | Recomendado para niños a partir de 5 años |
| 650 14 - ENTRADA DE SUJETO AÑADIDO - TÉRMINO TÓPICO | |
| Término tópico o elemento de entrada del nombre geográfico | Adivinanzas |
| 650 14 - ENTRADA DE SUJETO AÑADIDO - TÉRMINO TÓPICO | |
| Término tópico o elemento de entrada del nombre geográfico | Juegos de palabras |
| 650 14 - ENTRADA DE SUJETO AÑADIDO - TÉRMINO TÓPICO | |
| Término tópico o elemento de entrada del nombre geográfico | Juegos educativos |
| 650 14 - ENTRADA DE SUJETO AÑADIDO - TÉRMINO TÓPICO | |
| Término tópico o elemento de entrada del nombre geográfico | Diversiones |
| 700 1# - ENTRADA AGREGADA - NOMBRE PERSONAL | |
| Nombre de la persona | Quesada, María Fe |
| Término del Relator | ill |
| 942 ## - ELEMENTOS DE ENTRADA AGREGADOS (KOHA) | |
| Fuente de clasificación o esquema de estanterías | Dewey Decimal Classification |
| Parte de clasificación | L. I. ADIA |
| Prefijo del número de llamada | L. I. |
| Sufijo del número de llamada | ADIA |
| Estado de retirada | Pérdida de estatus | Fuente de clasificación o esquema de estanterías | Estado dañado | No para préstamo | Código de recogida | Ubicación permanente | Ubicación actual | Ubicación de las estanterías | Fecha de adquisición | Total de Cajas | Número Topográfico | Código de barras | Precio efectivo desde | Número de copia | Fecha de la última vez que se vio | Tipo de artículo Koha | Nota pública |
|---|---|---|---|---|---|---|---|---|---|---|---|---|---|---|---|---|---|
| Dewey Decimal Classification | General | Biblioteca Pública Departamental Comfamiliar Risaralda | Biblioteca Pública Departamental Comfamiliar Risaralda | Área General | 20/03/2019 | L. I. ADIA | 1004252 | 20/03/2019 | Ej. 1 | 20/03/2019 | Libro | Literatura Infantil |